[Event "GRENKE Chess Open 2024"]
[Site "Karlsruhe"]
[Date "2024.03.30"]
[Round "5.38"]
[White "Moritz, Aron"]
[Black "Schneider, Ilja"]
[Result "0-1"]
[WhiteElo "2230"]
[BlackElo "2460"]
[Annotator "TA"]
[PlyCount "86"]
[EventDate "2024.03.28"]
[EventType "swiss"]
[EventCountry "GER"]
[SourceTitle "playchess.com"]
[Source "ChessBase"]
[SourceQuality "1"]

1. e4 e5 2. Nf3 Nc6 3. Bc4 Bc5 4. c3 Nf6 5. d3 O-O 6. O-O d6 7. Re1 a6 8. a4 Ba7 9. h3 h6 10. Nbd2 Be6 11. b4 Bxc4 12. Nxc4 b5 13. axb5 axb5 14. Na5 Nxa5 15. Rxa5 Nd7 16. Qb3 Bb6 17. Rxa8 Qxa8 18. Be3 Bxe3 19. Rxe3 Nb6 20. c4 Qa6 21. c5 Nd7 22. cxd6 cxd6 23. Re2 Ra8 24. Rc2 Qa1+ 25. Kh2 Qa4 26. Qb1 Nf6 27. Rc6 Ra6 28. Rc8+ Kh7 29. Rc7 Qa2 30. Qxa2 Rxa2 31. Rc6 d5 32. Nxe5 dxe4 33. dxe4 Nxe4 34. f3 Nd2 35. Nxf7 Nxf3+ 36. Kg3 Ne1 37. Nd6 Rxg2+ 38. Kf4 Rb2 39. Rc7 Rxb4+ 40. Kf5 Nd3 41. Ne4 Rc4 42. Ra7 Rc8 43. Rd7 Rf8+ 0-1

[Event "GRENKE Chess Open 2024"]
[Site "Karlsruhe"]
[Date "2024.03.30"]
[Round "5.38"]
[White "Raum, Sebastian"]
[Black "Gentemann, Moritz"]
[Result "0-1"]
[WhiteElo "2126"]
[BlackElo "2276"]
[Annotator "RC"]
[PlyCount "137"]
[EventDate "2024.03.28"]
[EventType "swiss"]
[EventCountry "GER"]
[SourceTitle "playchess.com"]
[Source "ChessBase"]
[SourceQuality "1"]

1. e4 c5 2. Nf3 d6 3. d4 cxd4 4. Nxd4 Nf6 5. Nc3 a6 6. Be3 e5 7. Nb3 Be6 8. Qd2 Be7 9. f3 h5 10. Nd5 Nxd5 11. exd5 Bf5 12. Be2 a5 13. a4 Nd7 14. O-O O-O 15. f4 exf4 16. Bxf4 Rc8 17. Nd4 Bg6 18. Bb5 Nb6 19. Qxa5 Nxd5 20. Qxd8 Rfxd8 21. Bg3 Ne3 22. Rf2 Nxc2 23. Nxc2 Bxc2 24. Re1 Bf6 25. Rd2 d5 26. Be5 Bg5 27. Rd4 f6 28. Bg3 Be4 29. h4 Bh6 30. Bc7 Rf8 31. Bd6 Rf7 32. b4 f5 33. Kf2 g5 34. hxg5 Bxg5 35. Be5 Kh7 36. a5 Re7 37. Bd6 Re6 38. Bc5 Rg6 39. g3 h4 40. Bd7 hxg3+ 41. Ke2 Rd8 42. Rxe4 Rxd7 43. Re5 d4 44. Rd1 g2 45. Kf3 Be3 46. Rxe3 g1=Q 47. Rxg1 Rxg1 48. Rd3 Rg4 49. Bb6 Rd5 50. Rd2 Re4 51. Rb2 d3 52. Be3 Rc4 53. b5 Rc2 54. Rb1 d2 55. Rd1 Rxb5 56. Bxd2 Kg6 57. Rg1+ Kf6 58. Bg5+ Kf7 59. Ra1 Rb3+ 60. Be3 Rcc3 61. Re1 Kf6 62. Kf2 Rxe3 63. Rxe3 Rxe3 64. Kxe3 Ke5 65. Kf3 Kd5 66. Kf4 Kc5 67. a6 bxa6 68. Kxf5 Kd4 69. Ke6 0-1

[Event "GRENKE Chess Open 2024"]
[Site "Karlsruhe"]
[Date "2024.03.30"]
[Round "5.39"]
[White "Bazakutsa, Svyatoslav"]
[Black "Song, Julien"]
[Result "1-0"]
[WhiteElo "2462"]
[BlackElo "2311"]
[Annotator "TA"]
[PlyCount "89"]
[EventDate "2024.03.28"]
[EventType "swiss"]
[EventCountry "GER"]
[SourceTitle "playchess.com"]
[Source "ChessBase"]
[SourceQuality "1"]

1. c4 c5 2. Nf3 Nf6 3. d4 cxd4 4. Nxd4 e6 5. g3 d5 6. Bg2 Be7 7. O-O O-O 8. cxd5 Nxd5 9. Nc3 Nxc3 10. bxc3 e5 11. Nc2 Nc6 12. Ne3 Be6 13. Qa4 Bd7 14. Rb1 Rb8 15. Nd5 Bc5 16. Rd1 Qe8 17. Qh4 Bf5 18. Rb5 b6 19. Be3 Bxe3 20. Nxe3 Be6 21. c4 f6 22. Be4 g6 23. Nd5 Kg7 24. Nc7 Qf7 25. Nxe6+ Qxe6 26. Rbd5 Rbd8 27. e3 Rxd5 28. cxd5 Qd6 29. Bf3 Ne7 30. Qa4 a5 31. Rc1 Rc8 32. Rxc8 Nxc8 33. e4 Ne7 34. Be2 f5 35. f3 fxe4 36. fxe4 Qc5+ 37. Kg2 Qe3 38. Qc2 Nc8 39. Qc7+ Kh6 40. Bf3 Qd2+ 41. Kh3 Qf2 42. Kg4 Qxh2 43. Qxe5 b5 44. Qf6 Qh5+ 45. Kf4 1-0

[Event "GRENKE Chess Open 2024"]
[Site "Karlsruhe"]
[Date "2024.03.30"]
[Round "5.39"]
[White "Krastev, Alexander"]
[Black "Grahn, Vidar"]
[Result "1-0"]
[WhiteElo "2457"]
[BlackElo "2226"]
[Annotator "RC"]
[PlyCount "91"]
[EventDate "2024.03.28"]
[EventType "swiss"]
[EventCountry "GER"]
[SourceTitle "playchess.com"]
[Source "ChessBase"]
[SourceQuality "1"]

1. e4 e5 2. Nf3 Nc6 3. Bb5 a6 4. Ba4 Nf6 5. Nc3 d6 6. Bxc6+ bxc6 7. d4 Nd7 8. dxe5 dxe5 9. O-O Bd6 10. Bg5 f6 11. Be3 Nc5 12. Qe2 a5 13. Bxc5 Bxc5 14. Qc4 Ba7 15. Rfd1 Bd7 16. Rxd7 Qxd7 17. Rd1 Bd4 18. Nxd4 Rd8 19. Qe6+ Qxe6 20. Nxe6 Rxd1+ 21. Nxd1 Kf7 22. Nc5 Rb8 23. a4 Ke7 24. f3 g6 25. b3 Ra8 26. Ne3 h5 27. Kf2 Ra7 28. Nc4 g5 29. Ke3 Kf7 30. c3 Ke7 31. b4 axb4 32. cxb4 Ra8 33. a5 Rb8 34. a6 Ra8 35. h3 h4 36. Kd3 Rd8+ 37. Kc3 Rb8 38. Kb3 Ra8 39. Ka4 Rb8 40. Na5 Kd6 41. Nab7+ Ke7 42. b5 Ra8 43. Ka5 cxb5 44. Kxb5 Rh8 45. Kc6 Rc8 46. Na5 1-0

[Event "GRENKE Chess Open 2024"]
[Site "Karlsruhe"]
[Date "2024.03.30"]
[Round "5.39"]
[White "Froewis, Georg"]
[Black "Skembris, Spyridon"]
[Result "*"]
[WhiteElo "2450"]
[BlackElo "2304"]
[Annotator "RC"]
[PlyCount "30"]
[EventDate "2024.03.28"]
[EventType "swiss"]
[EventCountry "GER"]
[SourceTitle "playchess.com"]
[Source "ChessBase"]
[SourceQuality "1"]

1. c4 c5 2. Nf3 Nf6 3. d4 cxd4 4. Nxd4 e6 5. g3 d5 6. Bg2 Be7 7. O-O O-O 8. cxd5 Nxd5 9. Nc3 Nxc3 10. bxc3 e5 11. Nc2 Nc6 12. Ne3 Be6 13. Qa4 Bd7 14. Rb1 Rb8 15. Nd5 Bc5 *

[Event "GRENKE Chess Open 2024"]
[Site "Karlsruhe"]
[Date "2024.03.30"]
[Round "5.40"]
[White "Haring, Filip"]
[Black "Baerwinkel, Tobias"]
[Result "1-0"]
[WhiteElo "2452"]
[BlackElo "2306"]
[Annotator "RC"]
[PlyCount "89"]
[EventDate "2024.03.28"]
[EventType "swiss"]
[EventCountry "GER"]
[SourceTitle "playchess.com"]
[Source "ChessBase"]
[SourceQuality "1"]

1. e4 c5 2. Nf3 d6 3. d4 cxd4 4. Nxd4 Nf6 5. Nc3 a6 6. Be2 e5 7. Nb3 Be7 8. Be3 Be6 9. O-O O-O 10. Qd3 Nbd7 11. Nd5 Bxd5 12. exd5 h5 13. h3 g6 14. a4 Nh7 15. a5 Bg5 16. Ra4 Rc8 17. Rb4 Bxe3 18. Qxe3 Rc7 19. c3 Nhf6 20. Rd1 Kg7 21. Bf1 Rh8 22. Qg5 Qe7 23. Ra4 Rd8 24. Qe3 Rh8 25. Qa7 Rhc8 26. Rb4 Nb8 27. Qe3 Nbd7 28. f4 Re8 29. f5 Nc5 30. Nc1 e4 31. Rc4 Rcc8 32. b4 Na4 33. Rxc8 Rxc8 34. c4 Qe5 35. fxg6 fxg6 36. Nb3 Qc3 37. Qxc3 Nxc3 38. Re1 Na2 39. Nd4 Nxb4 40. Rb1 Nd3 41. Rxb7+ Kh6 42. Nc6 Kg5 43. Rg7 Kf4 44. Rf7 Kg5 45. h4+ 1-0

[Event "GRENKE Chess Open 2024"]
[Site "Karlsruhe"]
[Date "2024.03.30"]
[Round "5.40"]
[White "Trifan, Andrei Ioan"]
[Black "Saraci, Nderim"]
[Result "*"]
[WhiteElo "2294"]
[BlackElo "2450"]
[Annotator "RC"]
[PlyCount "43"]
[EventDate "2024.03.28"]
[EventType "swiss"]
[EventCountry "GER"]
[SourceTitle "playchess.com"]
[Source "ChessBase"]
[SourceQuality "1"]

1. e4 c5 2. Nf3 d6 3. d4 cxd4 4. Nxd4 Nf6 5. Nc3 a6 6. Be2 e5 7. Nb3 Be7 8. Be3 Be6 9. O-O O-O 10. Qd3 Nbd7 11. Nd5 Bxd5 12. exd5 h5 13. h3 g6 14. a4 Nh7 15. a5 Bg5 16. Ra4 Rc8 17. Rb4 Bxe3 18. Qxe3 Rc7 19. c3 Nhf6 20. Rd1 Kg7 21. Bf1 Rh8 22. Qg5 *

[Event "GRENKE Chess Open 2024"]
[Site "Karlsruhe"]
[Date "2024.03.30"]
[Round "5.40"]
[White "Hinrichs, Paul"]
[Black "Brodowski, Piotr"]
[Result "1/2-1/2"]
[WhiteElo "2227"]
[BlackElo "2435"]
[Annotator "TA"]
[PlyCount "28"]
[EventDate "2024.03.28"]
[EventType "swiss"]
[EventCountry "GER"]
[SourceTitle "playchess.com"]
[Source "ChessBase"]
[SourceQuality "1"]

1. d4 Nf6 2. g3 c5 3. dxc5 Qa5+ 4. Nc3 Qxc5 5. Bg2 Nc6 6. e4 d6 7. Nge2 g6 8. Be3 Qa5 9. h3 Bg7 10. O-O O-O 11. Re1 Bd7 12. Nd5 Rfe8 13. Bd2 Qd8 14. Bc3 Ne5 1/2-1/2

[Event "GRENKE Chess Open 2024"]
[Site "Karlsruhe"]
[Date "2024.03.30"]
[Round "5.40"]
[White "Grooten, Tommy"]
[Black "Ramirez Marin, Ivan"]
[Result "0-1"]
[WhiteElo "2071"]
[BlackElo "2272"]
[Annotator "RC"]
[PlyCount "42"]
[EventDate "2024.03.28"]
[EventType "swiss"]
[EventCountry "GER"]
[SourceTitle "playchess.com"]
[Source "ChessBase"]
[SourceQuality "1"]

1. d4 d5 2. c4 e6 3. Nf3 Nf6 4. Nc3 c5 5. cxd5 Nxd5 6. Nxd5 Qxd5 7. Qc2 Nc6 8. e4 Nxd4 9. Bb5+ Bd7 10. Nxd4 Qxd4 11. Bxd7+ Qxd7 12. Be3 Be7 13. O-O O-O 14. Rfd1 Qc6 15. Rac1 Rfd8 16. f3 h6 17. Rxd8+ Rxd8 18. Qf2 b6 19. Qg3 Kh7 20. b4 Qa4 21. Qe1 cxb4 0-1

[Event "GRENKE Chess Open 2024"]
[Site "Karlsruhe"]
[Date "2024.03.30"]
[Round "5.41"]
[White "Bulmaga, Irina"]
[Black "Hartge, Gedeon"]
[Result "1/2-1/2"]
[WhiteElo "2429"]
[BlackElo "2225"]
[Annotator "TA"]
[PlyCount "67"]
[EventDate "2024.03.28"]
[EventType "swiss"]
[EventCountry "GER"]
[SourceTitle "playchess.com"]
[Source "ChessBase"]
[SourceQuality "1"]

1. e4 c6 2. d4 d5 3. e5 Bf5 4. Nf3 e6 5. Be2 c5 6. Be3 cxd4 7. Nxd4 Ne7 8. Bb5+ Nbc6 9. c4 a6 10. Bxc6+ bxc6 11. O-O Qd7 12. Qa4 Bd3 13. Rd1 Bxc4 14. Na3 Bb5 15. Naxb5 cxb5 16. Qa5 Qd8 17. Qe1 Ng6 18. f4 Bc5 19. f5 exf5 20. Qc3 Bxd4 21. Qc6+ Qd7 22. Qxa8+ Ke7 23. Qxa6 Bxe3+ 24. Kh1 d4 25. a4 Rb8 26. axb5 Qxb5 27. Qd6+ Ke8 28. e6 fxe6 29. Qxe6+ Ne7 30. Ra7 Qc5 31. Rxe7+ Qxe7 32. Qg8+ Qf8 33. Qe6+ Qe7 34. Qg8+ 1/2-1/2

[Event "GRENKE Chess Open 2024"]
[Site "Karlsruhe"]
[Date "2024.03.30"]
[Round "5.41"]
[White "Schneider, Jana"]
[Black "Buckels, Valentin"]
[Result "0-1"]
[WhiteElo "2303"]
[BlackElo "2450"]
[Annotator "TA"]
[PlyCount "90"]
[EventDate "2024.03.28"]
[EventType "swiss"]
[EventCountry "GER"]
[SourceTitle "playchess.com"]
[Source "ChessBase"]
[SourceQuality "1"]

1. e4 e5 2. Nf3 Nc6 3. Bb5 a6 4. Ba4 d6 5. O-O Bd7 6. c4 Nf6 7. Nc3 Be7 8. d3 O-O 9. h3 Be6 10. Be3 Nd7 11. Nd5 f5 12. exf5 Rxf5 13. d4 Na5 14. Nxe7+ Qxe7 15. d5 Bf7 16. g4 Rxf3 17. Qxf3 Nxc4 18. Bxd7 Qxd7 19. b3 Na3 20. Rac1 Rf8 21. Qf5 Qxf5 22. gxf5 Bxd5 23. Rxc7 Nb5 24. Rd7 Bc6 25. Re7 Rxf5 26. a4 Nc3 27. Rc7 Rf8 28. Re7 Rf6 29. Rc7 Rg6+ 30. Kh2 Rg2+ 31. Kh1 Rxf2+ 32. Kg1 Rg2+ 33. Kh1 Rb2+ 34. Kg1 Ne2+ 35. Kh2 Nd4+ 36. Rf2 Rxf2+ 37. Bxf2 Nxb3 38. Kg3 Nd2 39. Kg4 Ne4 40. Bh4 Nc3 41. Kf5 Nd5 42. Rc8+ Kf7 43. Rd8 Ne3+ 44. Kg5 h6+ 45. Kh5 Bf3# 0-1

[Event "GRENKE Chess Open 2024"]
[Site "Karlsruhe"]
[Date "2024.03.30"]
[Round "5.41"]
[White "Vyval, Volodymyr"]
[Black "Durak, Can"]
[Result "*"]
[WhiteElo "2279"]
[BlackElo "2450"]
[Annotator "RC"]
[PlyCount "34"]
[EventDate "2024.03.28"]
[EventType "swiss"]
[EventCountry "GER"]
[SourceTitle "playchess.com"]
[Source "ChessBase"]
[SourceQuality "1"]

1. e4 e5 2. Nf3 Nc6 3. Bb5 a6 4. Ba4 d6 5. O-O Bd7 6. c4 Nf6 7. Nc3 Be7 8. d3 O-O 9. h3 Be6 10. Be3 Nd7 11. Nd5 f5 12. exf5 Rxf5 13. d4 Na5 14. Nxe7+ Qxe7 15. d5 Bf7 16. g4 Rxf3 17. Qxf3 Nxc4 *

[Event "GRENKE Chess Open 2024"]
[Site "Karlsruhe"]
[Date "2024.03.30"]
[Round "5.41"]
[White "Solonar, Stefan"]
[Black "Schwibbert, Jonas"]
[Result "1-0"]
[WhiteElo "2271"]
[BlackElo "2131"]
[Annotator "RC"]
[PlyCount "55"]
[EventDate "2024.03.28"]
[EventType "swiss"]
[EventCountry "GER"]
[SourceTitle "playchess.com"]
[Source "ChessBase"]
[SourceQuality "1"]

1. c4 c6 2. e4 d5 3. exd5 cxd5 4. d4 Nf6 5. Nc3 Nc6 6. Bg5 e6 7. Nf3 Be7 8. c5 O-O 9. Bb5 Ne4 10. Bxe7 Nxe7 11. Bd3 f5 12. O-O Bd7 13. Ne5 Nc6 14. Nxc6 Bxc6 15. Ne2 Qd7 16. f3 Nf6 17. a4 a5 18. Re1 Rfe8 19. Nc3 b6 20. Nb5 bxc5 21. dxc5 e5 22. Nd6 e4 23. Bb5 Rf8 24. Rc1 Ne8 25. fxe4 fxe4 26. Nxe4 Rd8 27. Ng5 Nc7 28. Nxh7 1-0

[Event "GRENKE Chess Open 2024"]
[Site "Karlsruhe"]
[Date "2024.03.30"]
[Round "5.42"]
[White "Froewis, Georg"]
[Black "Skembris, Spyridon"]
[Result "1/2-1/2"]
[WhiteElo "2450"]
[BlackElo "2304"]
[Annotator "TA"]
[PlyCount "41"]
[EventDate "2024.03.28"]
[EventType "swiss"]
[EventCountry "GER"]
[SourceTitle "playchess.com"]
[Source "ChessBase"]
[SourceQuality "1"]

1. c4 e5 2. Nc3 Nf6 3. Nf3 Nc6 4. e3 h6 5. Qc2 Be7 6. b3 O-O 7. Bb2 Re8 8. Rd1 Bf8 9. d4 e4 10. Nd2 d5 11. a3 Bg4 12. Be2 Bxe2 13. Nxe2 Ne7 14. Ng3 c6 15. O-O h5 16. f3 h4 17. Nh1 Nf5 18. Rde1 g6 19. Qc3 Bh6 20. f4 Bg7 21. b4 1/2-1/2

[Event "GRENKE Chess Open 2024"]
[Site "Karlsruhe"]
[Date "2024.03.30"]
[Round "5.42"]
[White "Mohamed Anees M"]
[Black "Kuehn, Kolja"]
[Result "1/2-1/2"]
[WhiteElo "2271"]
[BlackElo "2130"]
[Annotator "RC"]
[PlyCount "82"]
[EventDate "2024.03.28"]
[EventType "swiss"]
[EventCountry "GER"]
[SourceTitle "playchess.com"]
[Source "ChessBase"]
[SourceQuality "1"]

1. e4 e5 2. Nf3 Nc6 3. Bb5 Nf6 4. d3 Bc5 5. c3 d6 6. O-O O-O 7. h3 h6 8. Re1 Bb6 9. Nbd2 Ne7 10. Nc4 c6 11. Nxb6 Qxb6 12. Ba4 Ng6 13. Bb3 Re8 14. Nh2 Be6 15. Be3 Bxb3 16. axb3 Qc7 17. Qf3 Re6 18. Nf1 a6 19. Ng3 Nh4 20. Qe2 d5 21. b4 Rd8 22. f3 Rd7 23. Rad1 Qd8 24. d4 dxe4 25. fxe4 Ng6 26. Qf3 Qe8 27. Rd2 Nh4 28. Qf2 exd4 29. Bxd4 Ng6 30. Rde2 Kh7 31. e5 Nd5 32. Re4 Qd8 33. Nf5 f6 34. exf6 Rxe4 35. Rxe4 Nxf6 36. Re6 Nd5 37. Qc2 Ndf4 38. Re3 Rf7 39. Ng3 Nd5 40. Re6 Ndf4 41. Re4 Qg5 1/2-1/2

[Event "GRENKE Chess Open 2024"]
[Site "Karlsruhe"]
[Date "2024.03.30"]
[Round "5.43"]
[White "Stalmach, Richard"]
[Black "Bracker, Frank"]
[Result "*"]
[WhiteElo "2436"]
[BlackElo "2295"]
[Annotator "RC"]
[PlyCount "46"]
[EventDate "2024.03.28"]
[EventType "swiss"]
[EventCountry "GER"]
[SourceTitle "playchess.com"]
[Source "ChessBase"]
[SourceQuality "1"]

1. Nf3 Nf6 2. c4 e6 3. g3 b6 4. Bg2 Bb7 5. O-O c5 6. b3 Be7 7. Bb2 O-O 8. Nc3 d6 9. e3 Nbd7 10. d4 cxd4 11. Nxd4 Bxg2 12. Kxg2 Qc7 13. h3 a6 14. Rc1 Rac8 15. Qe2 Rfe8 16. Rfd1 Bf8 17. Kg1 Qb7 18. Qf3 Qxf3 19. Nxf3 Rc7 20. g4 h6 21. Kf1 Rec8 22. Ke2 Nc5 23. Rg1 Nfe4 *

[Event "GRENKE Chess Open 2024"]
[Site "Karlsruhe"]
[Date "2024.03.30"]
[Round "5.43"]
[White "Trifan, Andrei Ioan"]
[Black "Saraci, Nderim"]
[Result "1/2-1/2"]
[WhiteElo "2294"]
[BlackElo "2450"]
[Annotator "TA"]
[PlyCount "85"]
[EventDate "2024.03.28"]
[EventType "swiss"]
[EventCountry "GER"]
[SourceTitle "playchess.com"]
[Source "ChessBase"]
[SourceQuality "1"]

1. Nf3 Nf6 2. c4 e6 3. g3 b6 4. Bg2 Bb7 5. O-O c5 6. b3 Be7 7. Bb2 O-O 8. Nc3 d6 9. e3 Nbd7 10. d4 cxd4 11. Nxd4 Bxg2 12. Kxg2 Qc7 13. h3 a6 14. Rc1 Rac8 15. Qe2 Rfe8 16. Rfd1 Bf8 17. Kg1 Qb7 18. Qf3 Qxf3 19. Nxf3 Rc7 20. g4 h6 21. Kf1 Rec8 22. Ke2 Nc5 23. Rg1 Nfe4 24. Nxe4 Nxe4 25. Nd2 Nc5 26. f4 b5 27. h4 bxc4 28. Rxc4 d5 29. Rcc1 Ne4 30. Nxe4 dxe4 31. h5 Rxc1 32. Rxc1 Rxc1 33. Bxc1 f5 34. gxf5 exf5 35. a4 g6 36. hxg6 Kg7 37. Bd2 Kxg6 38. Kf2 Kf7 39. Kg3 Be7 40. Kh3 Ke6 41. Kg3 Kd5 42. Kh3 Bd8 43. Kg3 1/2-1/2

[Event "GRENKE Chess Open 2024"]
[Site "Karlsruhe"]
[Date "2024.03.30"]
[Round "5.43"]
[White "Riewe, Gerhard"]
[Black "Lutz, Ruben"]
[Result "0-1"]
[WhiteElo "2047"]
[BlackElo "2270"]
[Annotator "RC"]
[PlyCount "104"]
[EventDate "2024.03.28"]
[EventType "swiss"]
[EventCountry "GER"]
[SourceTitle "playchess.com"]
[Source "ChessBase"]
[SourceQuality "1"]

1. e4 e6 2. d4 d5 3. exd5 exd5 4. Bd3 Bd6 5. Nf3 Nc6 6. c3 Nge7 7. Bg5 f6 8. Bh4 Bf5 9. Bg3 Bxg3 10. hxg3 Qd7 11. Bxf5 Qxf5 12. Nbd2 O-O-O 13. Qe2 Rde8 14. O-O-O Ng6 15. Qf1 Nd8 16. Re1 Nf7 17. Qb5 Nd6 18. Qb3 Ne7 19. Qc2 Qxc2+ 20. Kxc2 Kd7 21. Re2 h5 22. Rhe1 g5 23. Kd3 Ng6 24. Rxe8 Nxe8 25. Ke2 Nd6 26. Rh1 Nf5 27. Nf1 h4 28. Ne3 Re8 29. gxh4 Rxe3+ 30. Kd2 Rxf3 31. gxf3 gxh4 32. Ke2 Nf4+ 33. Kf1 Ke6 34. Kg1 b6 35. Kh2 c5 36. Rd1 cxd4 37. cxd4 Kd6 38. Rd2 Kc6 39. a4 Ne6 40. Kh3 Nfxd4 41. Rd1 Nxf3 42. Kg4 Neg5 43. b4 h3 44. Kg3 h2 45. Kg2 d4 46. a5 Kb5 47. axb6 axb6 48. Rb1 d3 49. Kh1 d2 50. Kg2 Kc4 51. b5 Kd3 52. Kf1 h1=Q# 0-1

[Event "GRENKE Chess Open 2024"]
[Site "Karlsruhe"]
[Date "2024.03.30"]
[Round "5.44"]
[White "Mirimanian, Hayk"]
[Black "Peyrer, Konstantin"]
[Result "1/2-1/2"]
[WhiteElo "2283"]
[BlackElo "2434"]
[Annotator "TA"]
[PlyCount "53"]
[EventDate "2024.03.28"]
[EventType "swiss"]
[EventCountry "GER"]
[SourceTitle "playchess.com"]
[Source "ChessBase"]
[SourceQuality "1"]

1. e4 e5 2. Nf3 Nc6 3. d4 exd4 4. Nxd4 Bc5 5. Nb3 Bb6 6. Qe2 Nd4 7. Nxd4 Bxd4 8. c3 Bb6 9. Be3 Bxe3 10. Qxe3 Nf6 11. Nd2 O-O 12. Bd3 Re8 13. O-O d5 14. Rfe1 Bf5 15. Qf3 Bxe4 16. Nxe4 dxe4 17. Bxe4 Nxe4 18. Rxe4 Qd2 19. g3 Qxb2 20. Rd1 Qxa2 21. Rxe8+ Rxe8 22. Qxb7 Qc4 23. Qxa7 Qxc3 24. Qa4 Rf8 25. Qf4 Rc8 26. Rd7 Qf6 27. Rxc7 1/2-1/2

[Event "GRENKE Chess Open 2024"]
[Site "Karlsruhe"]
[Date "2024.03.30"]
[Round "5.44"]
[White "Albers, Sasa"]
[Black "Schroeder, Lennart"]
[Result "1-0"]
[WhiteElo "2269"]
[BlackElo "2093"]
[Annotator "RC"]
[PlyCount "85"]
[EventDate "2024.03.28"]
[EventType "swiss"]
[EventCountry "GER"]
[SourceTitle "playchess.com"]
[Source "ChessBase"]
[SourceQuality "1"]

1. e4 c5 2. Nf3 Nc6 3. Bb5 g6 4. O-O Bg7 5. c3 e5 6. d3 Nge7 7. Be3 d6 8. d4 cxd4 9. cxd4 O-O 10. d5 Nb8 11. Nfd2 f5 12. f3 Nd7 13. Nc3 Nf6 14. Be2 f4 15. Bf2 g5 16. Rc1 Ne8 17. Nb5 a6 18. Na7 Bd7 19. Qb3 Qb8 20. Qb6 Bf6 21. Rc3 Nxd5 22. Bc4 Be6 23. exd5 Bf5 24. Rb3 Rf7 25. Nc6 Qc8 26. Na5 Bd8 27. Qb4 b5 28. Be2 Nf6 29. Nc6 Nxd5 30. Qxd6 Ne3 31. Nxd8 Qxd8 32. Qxd8+ Rxd8 33. Bxe3 fxe3 34. Ne4 Rc7 35. Rxe3 Rc2 36. Rb1 Bxe4 37. Rxe4 Rdd2 38. Bf1 Rxb2 39. Rxb2 Rxb2 40. a4 b4 41. Bxa6 b3 42. Bd3 Kf8 43. Rb4 1-0

[Event "GRENKE Chess Open 2024"]
[Site "Karlsruhe"]
[Date "2024.03.30"]
[Round "5.45"]
[White "Makkar, Rajat"]
[Black "Hampel, Felix"]
[Result "*"]
[WhiteElo "2434"]
[BlackElo "2294"]
[Annotator "RC"]
[PlyCount "37"]
[EventDate "2024.03.28"]
[EventType "swiss"]
[EventCountry "GER"]
[SourceTitle "playchess.com"]
[Source "ChessBase"]
[SourceQuality "1"]

1. e4 c6 2. Nf3 d5 3. Nc3 dxe4 4. Nxe4 Nf6 5. Qe2 Nxe4 6. Qxe4 Nd7 7. d4 Nf6 8. Qf4 Nd5 9. Qd2 g6 10. Bd3 Bg7 11. O-O O-O 12. Re1 a5 13. c4 Nc7 14. Be4 Ne6 15. Rd1 Qd6 16. b3 c5 17. Bb2 Nxd4 18. Nxd4 cxd4 19. Bxd4 *

[Event "GRENKE Chess Open 2024"]
[Site "Karlsruhe"]
[Date "2024.03.30"]
[Round "5.45"]
[White "Braun, Georg"]
[Black "Kersten, Uwe"]
[Result "1-0"]
[WhiteElo "2398"]
[BlackElo "2216"]
[Annotator "RC"]
[PlyCount "64"]
[EventDate "2024.03.28"]
[EventType "swiss"]
[EventCountry "GER"]
[SourceTitle "playchess.com"]
[Source "ChessBase"]
[SourceQuality "1"]

1. e4 c5 2. Nf3 g6 3. d4 cxd4 4. Nxd4 Nc6 5. c4 Nf6 6. Nc3 d6 7. Nc2 Bg7 8. Be2 O-O 9. Be3 Nd7 10. Qd2 Qa5 11. Bh6 Bxh6 12. Qxh6 Qe5 13. O-O Nf6 14. Qe3 Qc5 15. Qd2 Be6 16. b4 Qb6 17. Nd5 Bxd5 18. exd5 Ne5 19. Ne3 a5 20. a3 axb4 21. axb4 Rxa1 22. Rxa1 Ne4 23. Qb2 f5 24. Rb1 f4 25. c5 Nxc5 26. bxc5 Qxb2 27. Rxb2 fxe3 28. fxe3 Rc8 29. cxd6 exd6 30. Rxb7 Rc5 31. e4 h5 32. Rb6 Nf7 1-0

[Event "GRENKE Chess Open 2024"]
[Site "Karlsruhe"]
[Date "2024.03.30"]
[Round "5.45"]
[White "von Mettenheim, Johannes"]
[Black "Soucek, Jan"]
[Result "1/2-1/2"]
[WhiteElo "2265"]
[BlackElo "2077"]
[Annotator "RC"]
[PlyCount "60"]
[EventDate "2024.03.28"]
[EventType "swiss"]
[EventCountry "GER"]
[SourceTitle "playchess.com"]
[Source "ChessBase"]
[SourceQuality "1"]

1. d4 Nf6 2. c4 e6 3. Nf3 Bb4+ 4. Bd2 Qe7 5. g3 Nc6 6. a3 Bxd2+ 7. Qxd2 d6 8. Bg2 O-O 9. Qc2 e5 10. d5 Nb8 11. Nc3 a5 12. O-O Na6 13. Rab1 Nd7 14. e4 Nb6 15. Nd2 f5 16. f4 Bd7 17. Rbe1 exf4 18. Rxf4 Rae8 19. Ref1 fxe4 20. Rxf8+ Rxf8 21. Rxf8+ Qxf8 22. Qxe4 Qf6 23. Qf3 Qe5 24. Qe2 Qf6 25. Qf2 Qe5 26. Nf3 Qf6 27. Bf1 Nc5 28. Nd4 Qe5 29. Nf3 Qf6 30. Nd4 Qe5 1/2-1/2

[Event "GRENKE Chess Open 2024"]
[Site "Karlsruhe"]
[Date "2024.03.30"]
[Round "5.46"]
[White "Stalmach, Richard"]
[Black "Bracker, Frank"]
[Result "1-0"]
[WhiteElo "2436"]
[BlackElo "2295"]
[Annotator "TA"]
[PlyCount "93"]
[EventDate "2024.03.28"]
[EventType "swiss"]
[EventCountry "GER"]
[SourceTitle "playchess.com"]
[Source "ChessBase"]
[SourceQuality "1"]

1. d4 Nf6 2. c4 e6 3. g3 d5 4. Bg2 Bb4+ 5. Nd2 O-O 6. Ngf3 b6 7. O-O Bb7 8. a3 Be7 9. b3 Nbd7 10. Bb2 c5 11. cxd5 Bxd5 12. Rc1 Rc8 13. dxc5 Rxc5 14. Rxc5 Nxc5 15. b4 Ncd7 16. Qc2 Qa8 17. Rc1 b5 18. Qd3 Qb7 19. Qd4 Nb6 20. e4 Bxe4 21. Nxe4 Qxe4 22. Qxe4 Nxe4 23. Rc7 Bf6 24. Bxf6 gxf6 25. Rxa7 Rc8 26. h3 Rc1+ 27. Kh2 Nxf2 28. Nd4 Nc4 29. Nxb5 Ne3 30. g4 Rc2 31. Kg3 Nd3 32. Be4 Nf1+ 33. Kh4 Nf4 34. Bxc2 Ng2+ 35. Kh5 Kg7 36. g5 f5 37. Rxf7+ Kxf7 38. Kh6 Nfe3 39. Kxh7 Nf4 40. Bb3 Nxh3 41. g6+ Kf6 42. g7 Ng5+ 43. Kh8 Nf7+ 44. Kg8 f4 45. Nd6 Nh6+ 46. Kh7 Neg4 47. Bd1 1-0

[Event "GRENKE Chess Open 2024"]
[Site "Karlsruhe"]
[Date "2024.03.30"]
[Round "5.46"]
[White "Malek, Daniel"]
[Black "Krstulovic, Alex"]
[Result "*"]
[WhiteElo "2278"]
[BlackElo "2431"]
[Annotator "RC"]
[PlyCount "38"]
[EventDate "2024.03.28"]
[EventType "swiss"]
[EventCountry "GER"]
[SourceTitle "playchess.com"]
[Source "ChessBase"]
[SourceQuality "1"]

1. d4 Nf6 2. c4 e6 3. g3 d5 4. Bg2 Bb4+ 5. Nd2 O-O 6. Ngf3 b6 7. O-O Bb7 8. a3 Be7 9. b3 Nbd7 10. Bb2 c5 11. cxd5 Bxd5 12. Rc1 Rc8 13. dxc5 Rxc5 14. Rxc5 Nxc5 15. b4 Ncd7 16. Qc2 Qa8 17. Rc1 b5 18. Qd3 Qb7 19. Qd4 Nb6 *